000 00197nam a22001097a 4500
040 _cSK
082 _a523
100 _aNA
245 _aLes phenomenes generaux
260 _aNA
_bNA
_cNA
942 _cEK
999 _c9474
_d9474